[Event "TUR-ch op"]
[Site "Antalya"]
[Date "2008.02.07"]
[Round "6.36"]
[White "Atas, Yunus"]
[Black "Yener, Cemil"]
[Result "0-1"]
[WhiteElo "1567"]
[BlackElo "1924"]
[PlyCount "104"]
[EventDate "2008.02.04"]
[EventType "swiss"]
[EventRounds "11"]
[EventCountry "TUR"]
[SourceTitle "CBM 122 Extra"]
[Source "ChessBase"]
[SourceDate "2008.03.04"]
[SourceVersion "1"]
[SourceVersionDate "2008.03.04"]
[SourceQuality "1"]

1. e4 c5 2. Nf3 Nc6 3. d4 cxd4 4. Nxd4 Nf6 5. Nc3 d6 6. Bg5 e6 7. g3 Be7 8. Bg2 Bd7 9. Ndb5 Qb8 10. 0-0 a6 11. Nd4 h6 12. Be3 Qc7 13. a4 Na5 14. Qd3 Rc8 15. Rfb1 Ng4 16. Bf1 Nxe3 17. Qxe3 Nc4 18. Bxc4 Qxc4 19. Qd3 Bf6 20. Rd1 0-0 21. Nde2 Be7 22. Qxc4 Rxc4 23. b3 Rc7 24. Rd3 Rfc8 25. Rad1 Be8 26. Re3 Bf6 27. Rdd3 Kf8 28. Kf1 g5 29. f4 g4 30. Ke1 b5 31. axb5 axb5 32. e5 dxe5 33. fxe5 Bg5 34. Re4 f5 35. Rb4 Be7 36. Rf4 b4 37. Nd1 Bb5 38. c4 bxc3 39. Rxc3 Bxe2 40. Rxc7 Rxc7 41. Kxe2 Rc2+ 42. Kd3 Rxh2 43. Rf2 Rh3 44. Rg2 Bh4 45. Kd4 Rxg3 46. Rxg3 Bxg3 47. Nb2 Bf2+ 48. Kd3 Ke7 49. Ke2 Bd4 50. Nd3 h5 51. Kf1 h4 52. Kg2 Be3 0-1